UBT Library

EVOLUTIONARY ECOLOGY (Record no. 59598)

000 -LEADER
fixed length control field 00312nam a22001457a 4500
008 - FIXED-LENGTH DATA ELEMENTS--GENERAL INFORMATION
fixed length control field 230419b ||||| |||| 00| 0 eng d
020 ## - INTERNATIONAL STANDARD BOOK NUMBER
International Standard Book Number 0060452269
041 ## - LANGUAGE CODE
Language code of text/sound track or separate title eng
080 ## - UNIVERSAL DECIMAL CLASSIFICATION NUMBER
Universal Decimal Classification number 030
082 ## - DEWEY DECIMAL CLASSIFICATION NUMBER
Classification number 030PIA
100 ## - Rafti
Rafti 44
101 ## - Shkurtesa
Shkurtesa ENCIK
245 ## - TITLE STATEMENT
Title EVOLUTIONARY ECOLOGY
Statement of responsibility, etc PIANKA R.E
942 ## - ADDED ENTRY ELEMENTS (KOHA)
Source of classification or shelving scheme
Item type Books
Holdings
Withdrawn status Lost status Source of classification or shelving scheme Damaged status Not for loan Collection code Permanent location Current location Date acquired Total Checkouts Full call number Barcode Date last seen Price effective from Koha item type
          Koleksioni i përgjithshem UBT - Lipjan UBT - Lipjan 04/19/2023   030PIA 002-80007034 04/19/2023 04/19/2023 Books
UBT Library © 2015-2024. All rights reserved University Education for Business and Technology